02062 2200229 4500001002100000005001500021035002000036007000300056008004100059020002200100082001100122084001700133100001600150245005800166250001000224260005500234300002800289650001200317700001900329520146200348990002201810INLIS00000000069617620231116084209 a0010-1123000327ta231116 b 1 ind  a978-602-5538-84-1 a372.62 a372.62 TIM m0 aTim Redaksi1 aMenggambar & mewarnai hewan peliharaan /cTim redaksi aCet.1 aBandung :bRuang Kata Imprint Kawan Pustaka,c2021 a32 hlm :bIlus ;c19 cm 4aMenulis0 aRandi Renggana aTentunya kalian sudah tahu kan hewan apa saja yang termasuk hewan peliharaan? Yuk kita belajar menggambar dan mewarnai hewan peliharaan! Kegiatan menggambar dan mewarnai merupakan aktivitas yang sangat seru dan mengasyikkan, bukan? Dengan konsep 5 in 1 dalam buku ini, kalian tidak hanya belajar menggambar dan mewarnai, tetapi kalian juga bisa belajar menebalkan, menulis, dan menempel. Setiap gambar dan tulisan di dalam buku ini dibuat dengan garis putus-putus, sehingga kalian bisa belajar menebalkan bentuk gambar dan belajar menulis nama-nama hewan peliharaannya. Selain itu, buku ini dilengkapi dengan stiker hewan peliharaan yang lucu dan berwarna. Nah jangan lupa ya teman, tempelkan stikernya pada kolom yang sudah disediakan di setiap halamannya. Tentunya akan sangat menyenangkan belajar menggambar dan mewarnai sambil menempelkan stiker. Stiker ini bisa menjadi panduan kalian untuk memilih warna dalam mewarnai gambarnya. Selain itu, ada banyak sekali manfaat yang didapat dengan aktivitas 5 in 1 ini, seperti mengasah kreativitas dan motorik halus, mengenal perbedaan warna dan bentuk, melatih koordinasi tangan, mata, dan otak, melatih konsentrasi dan kesabaran, mengembangkan imajinasi dan ekspresi, serta memperkaya kosakata dan mengenal berbagai jenis hewan peliharaan. Wah, sangat banyak sekali ya aktivitas dan manfaat yang dapat dilakukan dalam buku ini. Selamat menggambar & mewarnai serta jangan lupa tempelkan stikernya ya teman. a01751/DPKBWI/2023